La Población indígena en Costa Rica según el censo 2000 /

Збережено в:
Бібліографічні деталі
Автор: Solano Salazar, Elizabeth
Співавтор: Simposio Costa Rica a la luz del Censo del 2000(5-6 de agosto del 2000)
Формат: Матеріали конференцій
Онлайн доступ:http://populi.eest.ucr.ac.cr
Теги: Додати тег
Немає тегів, Будьте першим, хто поставить тег для цього запису!

MARC

LEADER 00000 a a2200000 04500
001 44975
003
040
100 |a Solano Salazar, Elizabeth  
111 |a Simposio Costa Rica a la luz del Censo del 2000(5-6 de agosto del 2000)  
245 |a La Población indígena en Costa Rica según el censo 2000 /  |c Elizabeth Solano Salazar  
500 |a Subpoblaciones y minorías. Parte IV  
773 |g páginas 341-373  
856 |u http://populi.eest.ucr.ac.cr  
999 |c 21553  |d 21553